| 000 | 00000nam##2200000za#4500 |
| 001 | 9.530380 |
| 003 | CaOODSP |
| 005 | 20200331230207 |
| 007 | ta |
| 008 | 150406|1998||||xxc||||| f|0| 0 eng|d |
| 020 | |a0-660-60497-3 |
| 040 | |aCaOODSP|beng |
| 041 | |aeng |
| 041 | |afre |
| 043 | |an-cn--- |
| 086 | 1 |aBT31-2/1999-III-76 |
| 110 | 1 |aCanada. |bTreasury Board. |
| 245 | 10|aOffice of the Information and Privacy Commissioners |
| 260 | |aOttawa - Ontario : |bTreasury Board of Canada Secretariat |c1998. |
| 300 | |aEnglish text, 20p. : |borganization chart, tables ; |c28 cm. |
| 490 | 1 |a1998-99 estimates, part III: Report on plans and priorities |
| 546 | |aBilingual |
| 563 | |aSoftcover |
| 590 | |a98-14|b1998-04-03 |
| 776 | 0#|tOffices of the Information and Privacy Commissioners, 1998-99 estimates, a report on plans and priorities |w(CaOODSP)9.567667 |
| 776 | 0#|tCommissariats à l'information et à la protection de la vie privée, budget des dépenses 1998-1999, un rapport sur les plans et les priorités |w(CaOODSP)9.598997 |
| 792 | |tCommissariats à l'information et à la protection de la vie privée |efre|w(CaOODSP)9.530381 |
| 830 | #0|a1998-99 estimates, part III: Report on plans and priorities.|w(CaOODSP)9.508960 |